000 00991cam a2200265 a 4500
999 _c329534
_d329534
001 206978
003 NUST
005 20170512130547.0
008 990310s1999 maua d 001 0 eng
010 _a 99071768
020 _a0395955408 (instructor's annotated ed.)
020 _a039595536X (student text)
040 _aDLC
_cDLC
_dDLC
050 0 0 _aQD33
_b.Z862 2000
082 0 0 _a540 ZUM
_221
100 1 _aZumdahl, Steven S.
_9436
245 1 0 _aIntroductory chemistry :
_ba foundation /
_cSteven S. Zumdahl.
250 _a4th, instructor's annotated ed.
260 _aBoston :
_bHoughton Mifflin,
_c2000.
300 _a1 v. (various pagings) :
_bill. (some col.) ;
_c27 cm.
500 _aIncludes index.
501 _aH.B
650 0 _aChemistry.
_9276
906 _a7
_bcbc
_corignew
_d2
_eopcn
_f19
_gy-gencatlg
942 _2ddc
_cBK
_k540 ZUM